| 000 | 01391nam a2200325Ia 4500 | ||
|---|---|---|---|
| 001 | ebr10553324 | ||
| 003 | CaPaEBR | ||
| 006 | m u | ||
| 007 | cr cn||||||||| | ||
| 008 | 111216s2012 cau sb 001 0 eng d | ||
| 010 | _z 2011052266 | ||
| 020 | _z9780804780506 | ||
| 020 | _z9780804782197 | ||
| 040 |
_aCaPaEBR _cCaPaEBR |
||
| 035 | _a(OCoLC)794490450 | ||
| 050 | 1 | 4 |
_aLB2328.62.U6 _bF48 2012eb |
| 082 | 0 | 4 |
_a378.050973 _223 |
| 100 | 1 |
_aFethke, Gary C. _q(Gary Craig), _d1942- |
|
| 245 | 1 | 0 |
_aPublic no more _h[electronic resource] : _ba new path to excellence for America's public universities / _cGary C. Fethke and Andrew J. Policano. |
| 260 |
_aStanford, California : _bStanford Business Books, an imprint of Stanford University Press, _c2012. |
||
| 300 | _axi, 265 p. | ||
| 504 | _aIncludes bibliographical references and index. | ||
| 533 |
_aElectronic reproduction. _bPalo Alto, Calif. : _cebrary, _d2011. _nAvailable via World Wide Web. _nAccess may be limited to ebrary affiliated libraries. |
||
| 650 | 0 |
_aPublic universities and colleges _zUnited States. |
|
| 650 | 0 |
_aUniversities and colleges _zUnited States. |
|
| 655 | 7 |
_aElectronic books. _2local |
|
| 700 | 1 |
_aPolicano, Andrew J., _d1949- |
|
| 710 | 2 | _aebrary, Inc. | |
| 856 | 4 | 0 |
_uhttp://site.ebrary.com/lib/rucke/Doc?id=10553324 _zAn electronic book accessible through the World Wide Web; click to view |
| 999 |
_c92781 _d92781 |
||